| 000 | 00311cam a22001097a 4500 | ||
|---|---|---|---|
| 008 | 180718b1948 xxu||||| |||| 00| 0 eng d | ||
| 082 | _aB12421x5452 M267 | ||
| 100 | _aMadras. Harijan Welfare Committee | ||
| 245 | _aReport of the Harijan Welfare Committee | ||
| 260 |
_aMadras _bThe author _c1948 |
||
| 300 | _a106p. | ||
| 999 |
_c488196 _d488196 |
||